1422 1746 1766 1740 1098 1537 1317 1375 1774 1782 1014 1509 1253 1235 1170 1965 1295 1306 1496 1937 1383 1246 1000 1605 1411 1755 1248 1826 1177 1325 1175 1940 2000 1532 1291 1090 1943 1375 1958 1718 1365 1794 1735 1115 1680 1260 1730 1326 1445 1224 1327 1410 1651 1213 1765 1977 1402 1744 1389 1049 1300 1925 1510 1758 1109 1692 1297 1706 1888 1555 1849 1782 1302 1388 1385 1760 1748 1715 1936 1212 1455 1482 1006 1699 1106 1546 1786 1207 1854 1779 1033 1924 1224 1038 1110 1205 1155 1317 1876 BCNSPRNW ULIB Ver.6.0+V

เปลี่ยนเป็นภาษาไทย

Change to English
 แสดงรายละเอียดบรรณานุกรม
  กลับหน้าหลัก

Brief Record : Get Marc (ISO 2709) : E-mail record : QR code < ปิดหน้าต่าง
LEADER : 00000nam 2200000uu 4500
001    13399114060
003     ULIB
008    110627s||||||||th 000 0 tha d
020    9789747503173
090    นว.^bด819ร 2550
100 0  เด็กทะเล
245 00 เริ่มต้นที่ใจ...ลงท้ายที่เธอ/^cเด็กทะเล
250    พิมพ์ครั้งที่ 2
260    กรุงเทพฯ :^bแจ่มใส,^c2550
300    191 หน้า
710 1  แจ่มใส
945    ^p159^l0^i021048
995    ทศพร
999 ^a ใช้งานได้ทุกระบบ
รายการนี้ยังไม่มีแท็ก
คุณยังไม่ได้ล็อกอิน คุณสามารถมีกิจกรรมร่วมกับเว็บไซต์ได้ แต่ต้องล็อกอินก่อน ::
  ล็อกอิน

รายการสื่อสารสนเทศ

ลำดับที่ ประเภท เลขเรียก/บาร์โค้ด สถานที่ สถานะ
1. นวนิยาย
นวนิยาย
นว. ด819ร 2550 ฉ.1 
  Barcode: 021048
ห้องสมุดวิทยาเขตสวรรค์ประชารักษ์
►นวนิยาย
บนชั้น
  ขอยืม

รายการใกล้เคียง
    ผู้แต่ง [เด็กทะเล]

BibComment


ยังไม่เคยถูกคอมเมนท์

คอมเมนท์ทรัพยากรรายการนี้
  คอมเมนท์: เริ่มต้นที่ใจลงท้..


 Copyright 2026. Bcnsprnw @Library